00970cam a2200241 a 450000100100000000500170001000800410002702000150006803500190008304000230010208200170012510000340014224500910017626000610026730000280032849000650035650400740042165000250049565000370052061000510055765100530060883000670066100001434420200929163601.0910724s1989 sp a b 000 0 spa c a8478200371 a(DLC) 91175993 aDO-SdBNPcICUdDLC a331.8bM757a1 aMontañés, Enrique,d1957-10aAnarcosindicalismo y cambio político :bZaragoza, 1930-1936 /cEnrique Montañés. aZaragoza :bInstitución Fernando el Católico,c1989. a162 p. :bil. ;c21 cm.1 aPublicacion de la Institución Fernando el Católicov1136 aIncluye bibliografía: (p. 149-159) y notas al pie de las páginas. 4aAnarquismozEspaña 4aSindicalismozEspañaxHistoria20aConfederación Nacional de Trabajo (España) 0aZaragoza (España{Rpara}xPolítica Y Gobierno 0aPublicacion de la Institución Fernando el Católico ;v1136